000 00766nam a2200289Ia 4500
001 3834
003 IT-RoPAU
008 130308s9999 xx 000 0 und d
040 _aIT-RoPAU
040 _cIT-RoPAU
041 _aITALIANO
100 _aAllegri Luigi
100 _gCodice Aut. SPICS: 9983
245 _aFumetto e strutture narrative
245 _bCultura, comunicazioni di Massa, lotta di Classe
250 _a1a ed.
260 _aROMA
260 _bSavelli
260 _c1976 [1° Ed.:1976 - Ed.Ling.Originale:1976]
300 _a"22 p. (prefazione: no ; testo: 22 [pagine: 51-72])"
650 _aSAGGI DI COMUNICAZIONE SOCIALE
650 _eCodice materia Spics: 3807
942 _cBK
957 _71
999 _c44987
_d44987
999 _bSI
999 _g1